| Tag |
First Indicator |
Second Indicator |
Subfields |
| LEADER |
00000cam a2200000 i 4500 |
| 001 |
in00005697421 |
| 005 |
20260318164536.9 |
| 006 |
m o d |
| 007 |
cr ||||||||||| |
| 008 |
220610s2022 enk o ||0 0 eng d |
| 040 |
|
|
|a STBDS
|b eng
|e rda
|e pn
|c STBDS
|d MVS
|d OCLCF
|d OCLCQ
|d AUD
|d OCLCQ
|d ESU
|d OCLCQ
|d UIU
|d OCLCO
|d OCLCL
|d OCLCQ
|d EBLCP
|d N$T
|d UKAHL
|d SFB
|d IUL
|d SXB
|
| 019 |
|
|
|a 1333082373
|a 1370503325
|a 1503857533
|a 1541778754
|
| 020 |
|
|
|a 9780191937873
|q (electronic book)
|
| 020 |
|
|
|a 0191937878
|
| 020 |
|
|
|z 9780192845658
|q (print)
|
| 020 |
|
|
|a 0192660551
|
| 020 |
|
|
|a 9780192660558
|q (electronic bk.)
|
| 020 |
|
|
|z 0192845659
|
| 020 |
|
|
|a 9780192660541
|q (electronic bk.)
|
| 020 |
|
|
|a 0192660543
|q (electronic bk.)
|
| 024 |
7 |
|
|a 10.1093/oso/9780192845658.001.0001
|2 doi
|
| 035 |
|
|
|a (OCoLC)1344112521
|z (OCoLC)1333082373
|z (OCoLC)1370503325
|z (OCoLC)1503857533
|z (OCoLC)1541778754
|
| 043 |
|
|
|a ff-----
|a e------
|a aw-----
|
| 050 |
0 |
0 |
|a NB1296.3
|
| 082 |
0 |
0 |
|a 730.937
|2 23
|
| 049 |
|
|
|a TXAM
|
| 100 |
1 |
|
|a Niederhuber, Christian,
|d 1974-
|e author.
|1 https://id.oclc.org/worldcat/entity/E39PCjGTmm8VBQ7YkHfBxfmMmq
|
| 245 |
1 |
0 |
|a Roman imperial portrait practice in the second century ad :
|b Marcus Aurelius and Faustina the younger /
|c Christian Niederhuber.
|
| 250 |
|
|
|a First edition.
|
| 264 |
|
1 |
|a Oxford :
|b Oxford University Press,
|c [2022]
|
| 264 |
|
1 |
|c ©2022
|
| 300 |
|
|
|a 1 online resource (240 pages) :
|b illustrations (colour).
|
| 336 |
|
|
|a text
|b txt
|2 rdacontent
|
| 337 |
|
|
|a computer
|b c
|2 rdamedia
|
| 338 |
|
|
|a online resource
|b cr
|2 rdacarrier
|
| 490 |
1 |
|
|a Oxford scholarship online
|
| 504 |
|
|
|a Includes bibliographical references and index.
|
| 505 |
0 |
|
|a List of Illustrations -- List of Tables -- Abbreviations -- 1. Introduction: aims and methods -- A. State of research -- B. Research questions, aims, and scope -- C. Methodology and material -- 2. Faustina: imperial coins and medallions -- A. Research history and state of research -- B. Typological sequence and chronology -- C. Portrait types -- D. Analysis and conclusions -- 3. Faustina: marble portraits -- A. Research history and state of research -- B. Portrait types -- C. Analysis and conclusions -- 4. Faustina: discussion -- 5. Marcus Aurelius: imperial coins and medallions -- A. Research history and state of research -- B. Chronology -- C. Chronological development and change of the portrait -- D. Analysis and conclusions -- 6. Marcus Aurelius: marble portraits -- A. Research history and state of research -- B. Portrait types -- C. Analysis and conclusions -- 7. Marcus Aurelius: discussion -- 8. Organization of the mint of Rome and system of production -- 9. Metropolitan marble technology and marble workshops -- 10. Imperial portrait practice: norms and models in the second century -- A. Evaluation -- B. Outline of an adjusted model of an imperial portrait 'system' -- 11. Conclusion -- Appendix: Portrait Lists of Faustina and Marcus Aurelius -- Bibliography -- Illustrations -- Index.
|
| 520 |
3 |
|
|a The creation of centrally defined imperial portrait types and the first 'step' of their dissemination in metropolitan Rome in the second century ad is the main focus of this study. Through systematic case studies of Faustina the Younger's and Marcus Aurelius' portraits on coins and in sculpture, new insights into the functioning of the imperial image in Rome have been gained that move a difficult, much-discussed subject forward decisively. It has long been thought that imperial portrait types were officially commissioned to commemorate specific historical moments and that they were made available to both the mint and the marble workshops in Rome, assuming a close correspondence between portraits on coins and in the round. All of this, however, has never been clearly proven, nor has it been disproven by a close systematic examination of the evidence on a broad material basis by those scholars who have questioned it. The new evidence presented in the present study has made it necessary to adjust this model in certain ways. More flexibility than currently allowed for is needed to describe the ancient processes and practices behind the phenomenon of 'repeated' imperial portraits. Norms have been investigated, and an adjusted and more flexible model of how the imperial image worked in the mint of Rome and in the metropolitan marble workshops in the second century ad has been outlined.
|
| 530 |
|
|
|a Also available in Print and PDF edition.
|
| 588 |
|
|
|a Description based on Publisher website; title from home page (viewed on June 10, 2022).
|
| 600 |
1 |
0 |
|a Faustina, Annia Galeria,
|c Empress, consort of Marcus Aurelius, Emperor of Rome,
|d -175.
|
| 600 |
0 |
0 |
|a Marcus Aurelius,
|c Emperor of Rome,
|d 121-180.
|
| 600 |
1 |
7 |
|a Faustina, Annia Galeria,
|c Empress, consort of Marcus Aurelius, Emperor of Rome,
|d -175
|2 fast
|1 https://id.oclc.org/worldcat/entity/E39PBJfhbGRPBR8hvdKXMGMgKd
|
| 600 |
0 |
7 |
|a Marcus Aurelius,
|c Emperor of Rome,
|d 121-180
|2 fast
|1 https://id.oclc.org/worldcat/entity/E39PBJhmR3hg6pjRbXwhWgVt8C
|
| 650 |
|
0 |
|a Portrait sculpture, Roman.
|
| 650 |
|
0 |
|a Numismatics, Roman.
|
| 650 |
|
6 |
|a Sculpture de portraits romaine.
|
| 650 |
|
6 |
|a Numismatique
|z Rome.
|
| 650 |
|
7 |
|a Numismatics, Roman
|2 fast
|
| 650 |
|
7 |
|a Portrait sculpture, Roman
|2 fast
|
| 655 |
|
7 |
|a Electronic books.
|2 local
|
| 776 |
0 |
8 |
|i Print version:
|t Roman imperial portrait practice in the second century ad : Marcus Aurelius and Faustina the younger.
|b First edition.
|d Oxford : Oxford University Press, 2022
|z 9780192845658
|w (DLC)
|w (OCoLC)1328016454
|
| 776 |
0 |
8 |
|i Print version:
|a Niederhuber, Christian
|t Roman Imperial Portrait Practice in the Second Century AD
|d Oxford : Oxford University Press USA - OSO,c2022
|z 9780192845658
|
| 776 |
0 |
8 |
|c Original
|z 9780192845658
|z 0192845659
|
| 776 |
0 |
8 |
|c Original
|z 9780192845658
|z 0192845659
|w (DLC) 2022930108
|
| 830 |
|
0 |
|a Oxford Academic.
|
| 856 |
4 |
0 |
|u http://proxy.library.tamu.edu/login?url=https://academic.oup.com/book/43990
|z Connect to the full text of this electronic book
|t 0
|
| 936 |
|
|
|a BATCHLOAD
|
| 955 |
|
|
|a Oxford Scholarship Online
|
| 994 |
|
|
|a 92
|b TXA
|
| 999 |
f |
f |
|i 827919d1-6f6b-4d07-8ff2-0bc6dc4b02dc
|s 8c1238e5-b5e2-4177-a4a3-185b65b711a9
|t 0
|
| 952 |
f |
f |
|a Texas A&M University
|b College Station
|c Electronic Resources
|s www_evans
|d Available Online
|t 0
|e NB1296.3
|h Library of Congress classification
|
| 998 |
f |
f |
|a NB1296.3
|t 0
|l Available Online
|